[Event "San Francisco TNM Fall op"]
[Site "San Francisco"]
[Date "2017.11.14"]
[Round "4"]
[White "Campers, William"]
[Black "Argo, Guy M"]
[Result "0-1"]
[WhiteElo "1628"]
[BlackElo "1941"]
[PlyCount "44"]
[EventDate "2017.10.24"]
[EventType "swiss"]
[EventRounds "9"]
[EventCountry "USA"]
[SourceTitle "EXT 2023"]
[Source "ChessBase"]
[SourceDate "2022.10.05"]
[SourceVersion "1"]
[SourceVersionDate "2022.10.05"]
[SourceQuality "1"]

1. e4 e5 2. Nf3 f5 3. Nxe5 Nc6 4. Qh5+ g6 5. Nxg6 Nf6 6. Qxf5 d6 7. Qg5 Rg8 8. Qh4 Rxg6 9. f3 Qe7 10. d3 Bg7 11. Nc3 Nd4 12. Qf2 c5 13. Be3 d5 14. 0-0-0 Be6 15. Kb1 0-0-0 16. h4 h5 17. Bg5 Qf8 18. e5 Ng4 19. Qg1 Nxe5 20. Bxd8 Qxd8 21. Re1 Nexf3 22. Rxe6 Rxe6 0-1

[Event "San Francisco Grey Memorial"]
[Site "San Francisco"]
[Date "2017.09.12"]
[Round "6"]
[White "Khristoforov, Sergey"]
[Black "Campers, William"]
[Result "1-0"]
[WhiteElo "2011"]
[BlackElo "1651"]
[PlyCount "57"]
[EventDate "2017.08.08"]
[EventType "swiss"]
[EventRounds "9"]
[EventCountry "USA"]
[SourceTitle "EXT 2023"]
[Source "ChessBase"]
[SourceDate "2022.10.05"]
[SourceVersion "1"]
[SourceVersionDate "2022.10.05"]
[SourceQuality "1"]

1. d4 d5 2. c4 e6 3. Nc3 c6 4. Nf3 Nf6 5. e3 Bd6 6. Qc2 Nbd7 7. Bd3 e5 8. dxe5 Nxe5 9. Nxe5 Bxe5 10. cxd5 Nxd5 11. Nxd5 cxd5 12. 0-0 Bd7 13. Rd1 Rc8 14. Qb3 Bc6 15. Be2 Qd7 16. a4 0-0 17. Bf3 Rfd8 18. h3 Bb8 19. Bg4 Qd6 20. g3 Rc7 21. e4 Re7 22. Bf4 Qc5 23. Bxb8 Rxb8 24. exd5 Bd7 25. d6 Bxg4 26. hxg4 Rd7 27. Rac1 Qe5 28. Qc3 Rbd8 29. Qxe5 1-0

[Event "San Francisco TNM Spring op"]
[Site "San Francisco"]
[Date "2017.03.28"]
[Round "3"]
[White "Campers, William"]
[Black "Cheng, Andrew Ys"]
[Result "1-0"]
[WhiteElo "1721"]
[BlackElo "1353"]
[PlyCount "49"]
[EventDate "2017.03.14"]
[EventType "swiss"]
[EventRounds "8"]
[EventCountry "USA"]
[SourceTitle "EXT 2023"]
[Source "ChessBase"]
[SourceDate "2022.10.05"]
[SourceVersion "1"]
[SourceVersionDate "2022.10.05"]
[SourceQuality "1"]

1. e4 e5 2. Nf3 Nc6 3. Bb5 d6 4. d4 exd4 5. Nxd4 Bd7 6. Nc3 Nxd4 7. Qxd4 Bxb5 8. Nxb5 c6 9. Nc3 Nf6 10. Bg5 Be7 11. 0-0-0 0-0 12. f3 c5 13. Qe3 b5 14. e5 Ne8 15. h4 Qc7 16. Nd5 Bxg5 17. hxg5 Qa5 18. Qe4 g6 19. Kb1 Qd8 20. Nf6+ Nxf6 21. gxf6 Re8 22. Rxd6 Qc7 23. Qf4 Qxd6 24. exd6 Re6 25. Qh6 1-0

[Event "San Francisco Benson Memorial"]
[Site "San Francisco"]
[Date "2016.09.20"]
[Round "8"]
[White "Campers, William"]
[Black "Melville, Cailen"]
[Result "1-0"]
[WhiteElo "1751"]
[BlackElo "1985"]
[PlyCount "81"]
[EventDate "2016.08.02"]
[EventType "swiss"]
[EventRounds "9"]
[EventCountry "USA"]
[SourceTitle "EXT 2018"]
[Source "ChessBase"]
[SourceDate "2017.10.13"]
[SourceVersion "1"]
[SourceVersionDate "2017.10.13"]
[SourceQuality "1"]

1. e4 e6 2. d4 d5 3. e5 c5 4. c3 Qb6 5. Nf3 Nc6 6. Na3 Bd7 7. Nc2 cxd4 8. Ncxd4 Nge7 9. Bd3 Ng6 10. Qe2 Qc7 11. Nxc6 bxc6 12. h4 Ne7 13. Bf4 c5 14. Rc1 h6 15. h5 Nc6 16. 0-0 Rb8 17. a3 Na5 18. b4 Nb3 19. Rb1 Ba4 20. Bc2 Bb5 21. Bd3 Bxd3 22. Qxd3 c4 23. Qe3 Be7 24. a4 a5 25. b5 Nc5 26. Ra1 Ne4 27. Nd4 Qb6 28. f3 Nc5 29. Kh2 Nd3 30. Qd2 Nxf4 31. Qxf4 Bg5 32. Qg3 0-0 33. f4 Be7 34. f5 exf5 35. Rxf5 f6 36. Kh1 fxe5 37. Qxe5 Rxf5 38. Nxf5 Bf6 39. Qxd5+ Kh7 40. Qxc4 Qf2 41. Qd3 1-0

[Event "San Francisco TNM Summer op"]
[Site "San Francisco"]
[Date "2016.07.12"]
[Round "8"]
[White "Wang, Yuan1111"]
[Black "Campers, William"]
[Result "1-0"]
[WhiteElo "2054"]
[BlackElo "1774"]
[PlyCount "57"]
[EventDate "2016.05.24"]
[EventType "swiss"]
[EventRounds "8"]
[EventCountry "USA"]
[SourceTitle "EXT 2018"]
[Source "ChessBase"]
[SourceDate "2017.10.13"]
[SourceVersion "1"]
[SourceVersionDate "2017.10.13"]
[SourceQuality "1"]

1. e4 e6 2. d4 d5 3. Nc3 Nf6 4. e5 Nfd7 5. f4 Be7 6. Nf3 a6 7. Bd3 c5 8. Be3 Nc6 9. Qd2 b5 10. 0-0 Qb6 11. dxc5 Bxc5 12. Bxc5 Qxc5+ 13. Kh1 Qe7 14. Rad1 Nc5 15. f5 Nxd3 16. Qxd3 Nb4 17. Qd2 Bb7 18. a3 Nc6 19. f6 gxf6 20. Nxd5 Rd8 21. Nxf6+ Qxf6 22. exf6 Rxd2 23. Nxd2 Nd4 24. c4 Rg8 25. Rf2 Kf8 26. cxb5 axb5 27. Rc1 Ke8 28. Rc7 Ba6 29. Re7+ 1-0

[Event "San Francisco TNM Summer op"]
[Site "San Francisco"]
[Date "2016.06.28"]
[Round "6"]
[White "Campers, William"]
[Black "James, Charles"]
[Result "1-0"]
[WhiteElo "1774"]
[BlackElo "1342"]
[PlyCount "67"]
[EventDate "2016.05.24"]
[EventType "swiss"]
[EventRounds "8"]
[EventCountry "USA"]
[SourceTitle "EXT 2018"]
[Source "ChessBase"]
[SourceDate "2017.10.13"]
[SourceVersion "1"]
[SourceVersionDate "2017.10.13"]
[SourceQuality "1"]

1. e4 d5 2. exd5 Qxd5 3. Nc3 Qd8 4. Nf3 Nf6 5. Bc4 e6 6. d4 Bb4 7. Bd2 0-0 8. 0-0 a6 9. a3 Bxc3 10. Bxc3 b5 11. Bd3 Bb7 12. Qe2 Nbd7 13. Rad1 Re8 14. Ne5 Qe7 15. Bb4 Qd8 16. f4 c6 17. Be1 Qc7 18. Bg3 c5 19. c3 c4 20. Bb1 Rad8 21. h3 Nb6 22. Qf2 Be4 23. Bh4 Bxb1 24. Bxf6 gxf6 25. Ng4 Nd5 26. Rxb1 Kh8 27. Qh4 Rg8 28. Nxf6 Nxf6 29. Qxf6+ Rg7 30. Rbe1 Kg8 31. Re5 Rd5 32. Rxd5 exd5 33. Qe5 Qd7 34. Qb8+ 1-0

[Event "San Francisco TNM Spring op"]
[Site "San Francisco"]
[Date "2016.04.19"]
[Round "6"]
[White "Campers, William"]
[Black "Andries, Craig"]
[Result "1-0"]
[WhiteElo "1673"]
[BlackElo "1862"]
[PlyCount "79"]
[EventDate "2016.03.15"]
[EventType "swiss"]
[EventRounds "8"]
[EventCountry "USA"]
[SourceTitle "EXT 2018"]
[Source "ChessBase"]
[SourceDate "2017.10.13"]
[SourceVersion "1"]
[SourceVersionDate "2017.10.13"]
[SourceQuality "1"]

1. e4 g6 2. d4 Bg7 3. Be3 d6 4. Nc3 a6 5. Qd2 Nd7 6. f3 b5 7. h4 h6 8. g4 c5 9. 0-0-0 Qa5 10. Kb1 b4 11. Nd5 e6 12. Nf4 cxd4 13. Bf2 e5 14. Nd5 Rb8 15. Bc4 Ngf6 16. Nxf6+ Bxf6 17. Ne2 Nb6 18. Bb3 Na4 19. g5 Bg7 20. h5 Be6 21. hxg6 Bxb3 22. axb3 Nc3+ 23. bxc3 bxc3 24. gxf7+ Kxf7 25. Nxc3 dxc3 26. g6+ Kxg6 27. Qxd6+ Kh7 28. Be3 Rxb3+ 29. cxb3 c2+ 30. Kxc2 Qa2+ 31. Kd3 Qxb3+ 32. Ke2 Qc4+ 33. Kf2 Qa2+ 34. Rd2 Qf7 35. Rxh6+ Kg8 36. Qd8+ Bf8 37. Qg5+ Qg7 38. Rg6 Rh2+ 39. Kg1 Rh7 40. Rg2 1-0

[Event "San Francisco TNM Winter op"]
[Site "San Francisco"]
[Date "2016.02.02"]
[Round "5"]
[White "Stearman, Josiah P"]
[Black "Campers, William"]
[Result "1-0"]
[WhiteElo "2203"]
[BlackElo "1669"]
[PlyCount "39"]
[EventDate "2016.01.05"]
[EventType "swiss"]
[EventRounds "8"]
[EventCountry "USA"]
[SourceTitle "EXT 2018"]
[Source "ChessBase"]
[SourceDate "2017.10.13"]
[SourceVersion "1"]
[SourceVersionDate "2017.10.13"]
[SourceQuality "1"]

1. e4 e6 2. d3 c5 3. Nc3 Nc6 4. g3 a6 5. Bg2 Nf6 6. Nh3 e5 7. f4 d6 8. f5 g6 9. 0-0 Be7 10. g4 Bd7 11. g5 Nh5 12. Bf3 Nf4 13. Nxf4 exf4 14. f6 Bxf6 15. gxf6 Qxf6 16. Nd5 Qg5+ 17. Kh1 0-0-0 18. Bxf4 Qh4 19. Bxd6 Bh3 20. Nb6# 1-0

[Event "San Francisco TNM Winter op"]
[Site "San Francisco"]
[Date "2016.01.26"]
[Round "4"]
[White "Campers, William"]
[Black "Maser, Thomas F"]
[Result "1-0"]
[WhiteElo "1669"]
[BlackElo "1944"]
[PlyCount "77"]
[EventDate "2016.01.05"]
[EventType "swiss"]
[EventRounds "8"]
[EventCountry "USA"]
[SourceTitle "EXT 2018"]
[Source "ChessBase"]
[SourceDate "2017.10.13"]
[SourceVersion "1"]
[SourceVersionDate "2017.10.13"]
[SourceQuality "1"]

1. e4 e5 2. Nf3 Nc6 3. Bb5 a6 4. Ba4 d6 5. c3 Bd7 6. 0-0 Nf6 7. Bc2 g6 8. d4 Bg7 9. d5 Ne7 10. h3 0-0 11. Be3 Qe8 12. Qc1 Nh5 13. Nbd2 f5 14. exf5 gxf5 15. Nb3 Nxd5 16. Bh6 Ndf4 17. Bxf4 Nxf4 18. Qd2 Qg6 19. Nh4 Qg5 20. g3 Rf6 21. Kh2 Nxh3 22. Qd5+ Be6 23. Qxb7 Raf8 24. Kxh3 f4+ 25. Kg2 Qg4 26. Qe4 Qh3+ 27. Kg1 Rh6 28. Qg2 Qg4 29. Bd1 Qg5 30. Nd2 fxg3 31. Ndf3 gxf2+ 32. Rxf2 Qe3 33. Qg5 Rxf3 34. Qxe3 Rxe3 35. Ng2 Rg6 36. Bc2 Rg5 37. Bb3 d5 38. Kf1 c6 39. Nxe3 1-0

[Event "San Francisco TNM Fall op"]
[Site "San Francisco"]
[Date "2015.12.01"]
[Round "7"]
[White "Campers, William"]
[Black "Brown, Nicholas"]
[Result "0-1"]
[WhiteElo "1749"]
[BlackElo "1517"]
[PlyCount "68"]
[EventDate "2015.10.20"]
[EventType "swiss"]
[EventRounds "9"]
[EventCountry "USA"]
[SourceTitle "EXT 2023"]
[Source "ChessBase"]
[SourceDate "2022.10.05"]
[SourceVersion "1"]
[SourceVersionDate "2022.10.05"]
[SourceQuality "1"]

1. e4 c6 2. d4 d5 3. e5 Bf5 4. c3 e6 5. Qb3 Qb6 6. Qxb6 axb6 7. Nd2 Ne7 8. Ngf3 h6 9. b4 Nd7 10. Be2 g5 11. Nf1 Ng6 12. Ng3 Ne7 13. Nxf5 Nxf5 14. g4 Ng7 15. h4 gxh4 16. Rxh4 h5 17. Ng5 Be7 18. gxh5 c5 19. b5 Nf5 20. Rh3 cxd4 21. f4 dxc3 22. Rxc3 Bb4 23. Bd2 Bxc3 24. Bxc3 Ng3 25. Bg4 Ra4 26. Bd2 Nxh5 27. Nh3 Nc5 28. Bd1 Re4+ 29. Kf1 Nd3 30. Bf3 Rc4 31. a4 Nhxf4 32. Ng1 Rh2 33. Be3 d4 34. Bxf4 Rf2# 0-1

[Event "San Francisco TNM Fall op"]
[Site "San Francisco"]
[Date "2015.11.24"]
[Round "6"]
[White "Askin, Michael"]
[Black "Campers, William"]
[Result "1-0"]
[WhiteElo "1967"]
[BlackElo "1749"]
[PlyCount "85"]
[EventDate "2015.10.20"]
[EventType "swiss"]
[EventRounds "9"]
[EventCountry "USA"]
[SourceTitle "EXT 2023"]
[Source "ChessBase"]
[SourceDate "2022.10.05"]
[SourceVersion "1"]
[SourceVersionDate "2022.10.05"]
[SourceQuality "1"]

1. e4 e6 2. d3 d5 3. Nd2 d4 4. g3 e5 5. Bg2 Be6 6. Ngf3 Nc6 7. 0-0 Be7 8. a3 Qd7 9. b4 f6 10. Bb2 h5 11. Nc4 g5 12. b5 Nd8 13. a4 h4 14. Nfxe5 fxe5 15. Nxe5 Qd6 16. Ng6 Rh6 17. Ba3 Qd7 18. Nxe7 Nxe7 19. f4 Bg4 20. Qd2 hxg3 21. f5 Nf7 22. Qb4 Nd6 23. f6 Ng6 24. Qxd4 Nf4 25. Qe5+ Kf7 26. hxg3 Ne2+ 27. Kf2 Rd8 28. Qxg5 Rg6 29. Qd5+ Be6 30. Qh5 Rdg8 31. Qh7+ Kf8 32. Qxd7 Bxd7 33. Kxe2 Rxg3 34. Bf3 Kf7 35. e5 Nf5 36. Bh5+ Ke6 37. f7 Nd4+ 38. Kd1 Rh8 39. f8Q Rxf8 40. Bxf8 Kxe5 41. Be7 Bg4+ 42. Bxg4 Rxg4 43. Bf6+ 1-0

[Event "San Francisco Leighton Memorial"]
[Site "San Francisco"]
[Date "2015.08.25"]
[Round "4"]
[White "Campers, William"]
[Black "Yamamoto, Craig"]
[Result "0-1"]
[WhiteElo "1749"]
[BlackElo "1613"]
[PlyCount "52"]
[EventDate "2015.08.04"]
[EventType "swiss"]
[EventRounds "9"]
[EventCountry "USA"]
[SourceTitle "EXT 2023"]
[Source "ChessBase"]
[SourceDate "2022.10.05"]
[SourceVersion "1"]
[SourceVersionDate "2022.10.05"]
[SourceQuality "1"]

1. e4 c5 2. Nf3 d6 3. d4 cxd4 4. Nxd4 Nf6 5. Nc3 a6 6. Be2 g6 7. Be3 Bg7 8. f3 Nc6 9. Nb3 Be6 10. Qd2 Ne5 11. Bh6 0-0 12. Bxg7 Kxg7 13. Nd4 Bd7 14. 0-0-0 Rc8 15. h4 h5 16. g4 Rh8 17. gxh5 Nxh5 18. Rdg1 Qa5 19. Nb3 Qb4 20. f4 Nc6 21. f5 Ne5 22. fxg6 fxg6 23. Qg5 Kf7 24. Nd5 Qxe4 25. Qxe7+ Kg8 26. Bxh5 Qxc2# 0-1

[Event "San Francisco TNM Summer op"]
[Site "San Francisco"]
[Date "2015.06.09"]
[Round "3"]
[White "Askin, David"]
[Black "Campers, William"]
[Result "1-0"]
[WhiteElo "1959"]
[BlackElo "1806"]
[PlyCount "83"]
[EventDate "2015.05.26"]
[EventType "swiss"]
[EventRounds "8"]
[EventCountry "USA"]
[SourceTitle "EXT 2016"]
[Source "ChessBase"]
[SourceDate "2015.10.08"]
[SourceVersion "1"]
[SourceVersionDate "2015.10.08"]
[SourceQuality "1"]

1. d4 d5 2. Nf3 e6 3. c4 c6 4. e3 Nf6 5. Nc3 a6 6. Bd3 Bd6 7. 0-0 0-0 8. e4 dxe4 9. Nxe4 Nxe4 10. Bxe4 f5 11. Bc2 Nd7 12. Re1 Nf6 13. c5 Bc7 14. Ng5 Re8 15. Bb3 Bxh2+ 16. Kxh2 Ng4+ 17. Kg1 Qf6 18. f3 Nh6 19. Bf4 Bd7 20. Qd2 Nf7 21. Nxf7 Qxf7 22. Re3 h6 23. Rae1 g5 24. Bd6 Qg6 25. Qe2 Kf7 26. Re5 a5 27. a4 Rad8 28. Qd3 Kg7 29. Bc2 h5 30. g4 hxg4 31. fxg4 Rh8 32. R5e2 Rh4 33. Rg2 Qh6 34. Be5+ Kf7 35. gxf5 Rh3 36. fxe6+ Bxe6 37. Qe4 Ke7 38. Bh2 Rh8 39. Qe5 Rf3 40. Bf5 Rxf5 41. Qxf5 Kd7 42. Qe5 1-0

[Event "San Francisco TNM Spring op"]
[Site "San Francisco"]
[Date "2015.04.07"]
[Round "4"]
[White "Basak, Aniruddha"]
[Black "Campers, William"]
[Result "1-0"]
[WhiteElo "2039"]
[BlackElo "1727"]
[PlyCount "79"]
[EventDate "2015.03.17"]
[EventType "swiss"]
[EventRounds "8"]
[EventCountry "USA"]
[SourceTitle "EXT 2016"]
[Source "ChessBase"]
[SourceDate "2015.10.08"]
[SourceVersion "1"]
[SourceVersionDate "2015.10.08"]
[SourceQuality "1"]

1. e4 c5 2. Nf3 d6 3. d4 cxd4 4. Nxd4 a6 5. Nc3 Nc6 6. Be3 g6 7. f3 Bg7 8. Qd2 Bd7 9. Nd5 h5 10. Nxc6 bxc6 11. Bb6 Qb8 12. Nc7+ Kf8 13. Nxa8 Qxa8 14. Bd4 Nf6 15. e5 dxe5 16. Bxe5 Qa7 17. 0-0-0 Be6 18. Qd8+ Ne8 19. Bxg7+ Kxg7 20. Qd4+ Qxd4 21. Rxd4 Nc7 22. Bc4 Nb5 23. Bxb5 cxb5 24. a4 Rc8 25. axb5 axb5 26. Kd2 Bf5 27. Rc1 Rc5 28. c4 bxc4 29. Rcxc4 Rb5 30. b4 Be6 31. Rc5 Rb7 32. b5 Bf5 33. Rb4 Kf6 34. b6 g5 35. Rc6+ Be6 36. Rc7 Rb8 37. b7 Bf5 38. Rb6+ Kg7 39. Ra6 Rd8+ 40. Ke1 1-0

[Event "San Francisco TNM Spring op"]
[Site "San Francisco"]
[Date "2015.03.31"]
[Round "3"]
[White "Campers, William"]
[Black "Andries, Craig"]
[Result "1-0"]
[WhiteElo "1727"]
[BlackElo "1935"]
[PlyCount "65"]
[EventDate "2015.03.17"]
[EventType "swiss"]
[EventRounds "8"]
[EventCountry "USA"]
[SourceTitle "EXT 2016"]
[Source "ChessBase"]
[SourceDate "2015.10.08"]
[SourceVersion "1"]
[SourceVersionDate "2015.10.08"]
[SourceQuality "1"]

1. e4 d6 2. d4 Nf6 3. Nc3 g6 4. f3 Bg7 5. Be3 c6 6. Qd2 Nbd7 7. Bh6 Bxh6 8. Qxh6 Qb6 9. 0-0-0 Qa5 10. Bc4 b5 11. Bb3 Bb7 12. Nh3 b4 13. Ne2 e6 14. Ng5 Ng8 15. Qh4 h6 16. Nh3 g5 17. Qg3 Qc7 18. Nf2 0-0-0 19. Nd3 a5 20. h4 Nb6 21. c3 a4 22. Bc2 Ba6 23. hxg5 bxc3 24. Nxc3 a3 25. gxh6 axb2+ 26. Kb1 Nc4 27. Bb3 Qa5 28. Qe1 Rxh6 29. Rxh6 Nxh6 30. Nxb2 Na3+ 31. Ka1 Kc7 32. Nd5+ Qxd5 33. exd5 1-0

[Event "San Francisco TNM Winter op"]
[Site "San Francisco"]
[Date "2015.02.10"]
[Round "6"]
[White "Krasnov, Steven Lender"]
[Black "Campers, William"]
[Result "0-1"]
[WhiteElo "2016"]
[BlackElo "1742"]
[PlyCount "130"]
[EventDate "2015.01.06"]
[EventType "swiss"]
[EventRounds "8"]
[EventCountry "USA"]
[SourceTitle "EXT 2016"]
[Source "ChessBase"]
[SourceDate "2015.10.08"]
[SourceVersion "1"]
[SourceVersionDate "2015.10.08"]
[SourceQuality "1"]

1. e4 c5 2. f4 Nf6 3. d3 Nc6 4. Nf3 g6 5. e5 Nd5 6. c4 Nc7 7. Nc3 Bg7 8. Be3 d6 9. Qd2 0-0 10. g3 Bg4 11. Bg2 Bf5 12. Nh4 Bd7 13. 0-0 Re8 14. Rae1 Ne6 15. exd6 exd6 16. Nb5 Qb8 17. f5 Ned4 18. fxg6 hxg6 19. Qf2 Be6 20. Bd5 Rf8 21. Qg2 a6 22. Nc3 Nb4 23. Rd1 Nbc2 24. Bc1 Ra7 25. Rf2 Nb4 26. a3 Nxd5 27. cxd5 Bg4 28. Rdf1 b5 29. h3 Bd7 30. Ne4 Bf5 31. Bf4 Rd7 32. Kh2 Qb6 33. g4 Bxe4 34. Qxe4 Qd8 35. Bg3 Re7 36. Qg2 Rfe8 37. Nf3 Nxf3+ 38. Qxf3 Bd4 39. Rc2 Qd7 40. b4 Re3 41. Qf4 Re2+ 42. Rxe2 Rxe2+ 43. Kh1 Be5 44. Qf3 Rc2 45. Bxe5 dxe5 46. Qe4 Qc7 47. bxc5 Rxc5 48. Re1 Qd6 49. Qxe5 Qxd5+ 50. Qxd5 Rxd5 51. Re3 Kg7 52. Kg2 Kf6 53. Kf3 Kg5 54. Ke4 Rd6 55. Rf3 f6 56. d4 a5 57. Rb3 Rb6 58. Kd5 b4 59. axb4 Rxb4 60. Rxb4 axb4 61. Kc4 f5 62. Kxb4 f4 63. Kc3 f3 64. Kd3 Kf4 65. Kd2 Kg3 0-1

[Event "San Francisco TNM Fall op"]
[Site "San Francisco"]
[Date "2014.12.16"]
[Round "8"]
[White "Campers, William"]
[Black "Xu, Linmiao"]
[Result "1-0"]
[WhiteElo "1749"]
[BlackElo "1424"]
[PlyCount "91"]
[EventDate "2014.10.21"]
[EventType "swiss"]
[EventRounds "8"]
[EventCountry "USA"]
[SourceTitle "EXT 2016"]
[Source "ChessBase"]
[SourceDate "2015.10.08"]
[SourceVersion "1"]
[SourceVersionDate "2015.10.08"]
[SourceQuality "1"]

1. e4 c5 2. Nc3 Nc6 3. f4 g6 4. Nf3 Bg7 5. a3 d6 6. Bc4 Nf6 7. h3 a6 8. d3 b5 9. Ba2 b4 10. axb4 cxb4 11. Ne2 Qb6 12. c3 a5 13. Bb3 Rb8 14. c4 0-0 15. Bd2 Nd7 16. Qc1 Nc5 17. Bc2 b3 18. Bb1 Nb4 19. Bxb4 Qxb4+ 20. Nc3 Bxc3+ 21. Qxc3 Qxc3+ 22. bxc3 b2 23. Rxa5 Nxd3+ 24. Kf1 Be6 25. Nd2 Nxf4 26. Kf2 Rfc8 27. Ra4 Bd7 28. Rb4 Be6 29. Ra4 Nh5 30. Bc2 Rc7 31. Rb1 Rcb7 32. Nf3 Nf6 33. Nd4 Bd7 34. Ra3 e5 35. Nb3 Nxe4+ 36. Ke3 Nc5 37. Nxc5 dxc5 38. Be4 Bf5 39. g4 Bxe4 40. Kxe4 Rd7 41. Ra2 Rd2 42. Kxe5 Rc2 43. Kd5 Rxc3 44. Raxb2 Rxb2 45. Rxb2 Rxh3 46. Kxc5 1-0

[Event "San Francisco TNM Fall op"]
[Site "San Francisco"]
[Date "2014.12.09"]
[Round "7"]
[White "Eastham, Asher Dan"]
[Black "Campers, William"]
[Result "0-1"]
[WhiteElo "1339"]
[BlackElo "1749"]
[PlyCount "88"]
[EventDate "2014.10.21"]
[EventType "swiss"]
[EventRounds "8"]
[EventCountry "USA"]
[SourceTitle "EXT 2016"]
[Source "ChessBase"]
[SourceDate "2015.10.08"]
[SourceVersion "1"]
[SourceVersionDate "2015.10.08"]
[SourceQuality "1"]

1. e4 e6 2. d4 d5 3. Nd2 c5 4. exd5 Qxd5 5. Ndf3 Nc6 6. c3 cxd4 7. Ne2 d3 8. Ng3 Ne5 9. Nxe5 Qxe5+ 10. Be3 Nf6 11. Bxd3 Bd7 12. 0-0 Be7 13. Re1 Qc7 14. Nh5 Nxh5 15. Qxh5 g6 16. Qe2 Bd6 17. h3 a6 18. Bh6 0-0-0 19. Be3 Kb8 20. Bd4 Rhg8 21. b4 Ka8 22. a4 h5 23. a5 Rde8 24. Reb1 e5 25. Bb6 Qc8 26. b5 e4 27. Bc4 Be6 28. Bxe6 Rxe6 29. bxa6 bxa6 30. Rd1 f5 31. Rab1 Rge8 32. Qd2 Qc6 33. Qe2 Qc8 34. f3 Bc5+ 35. Kh1 Bxb6 36. axb6 Kb7 37. Qb2 exf3 38. gxf3 Qc6 39. Rd3 R8e7 40. Qb3 g5 41. Kg1 g4 42. hxg4 fxg4 43. fxg4 Re5 44. gxh5 Rg5+ 0-1